Viajar a otro pais de la Unin̤ Europea

Bibliographic Details
Corporate Authors: Unin̤ Europea. Oficina de Publicaciones Oficiales, Comisin̤ Europea. Direccin̤ General de Mercado Interior
Format: Unknown
Language:Spanish
Published: [Luxemburgo] : European Union Publications Office, 2002
Subjects:
Online Access:Acceso restringido

MARC

LEADER 00000ny a22000003n 4500
005 20110617150636.0
008 080709s2002 sp s 000 0 spa c
035 |a 1781 
040 |a UMA.RE  |d vLex 
080 |a 338.48-052:342.7.16(4-672UE)(0.034) 
080 |a 342.7.16:338.48-052(4-672UE)(0.034) 
090 |c 847  |d 847 
245 0 0 |a Viajar a otro pais de la Unin̤ Europea  |h [Recurso electrn̤ico]  |c European Commission, Directorate-General for the Internal Market 
256 |a Servicio en ln̕ea 
260 |a [Luxemburgo] :  |b European Union Publications Office,  |c 2002 
506 1 |a Contenido solo disponible en los productos indicados  |d vLex Global  |d vLex Global (Academic Edition, excluding Law Schools)  |d vLex Global (U.S. Academic Edition, Law Schools)  |d vLex Global (U.S. Academic Edition, excluding Law Schools)  |d vLex Global (Academic Edition, Law Schools) 
650 0 4 |a Viajeros  |x Derechos  |z Pas̕es de la Unin̤ Europea 
650 0 4 |a Comunitario 
710 1 |a Unin̤ Europea.  |b Oficina de Publicaciones Oficiales 
710 1 |a Comisin̤ Europea.  |b Direccin̤ General de Mercado Interior. 
740 0 |a vLex Libros (Servicios en ln̕ea) 
856 4 0 |u http://vlex.com/source/1781  |z Acceso restringido 
942 |c BOOK 
999 0 4 |a Travelers  |b Pas̕es de la Unin̤ Europea 
999 0 4 |a Libros electrn̤icos.